000
00372nam a2200145Ia 4500
008
100122s9999 xx 000 0 und d
082
_b
4558
_a
823
100
_a
आपटे ना ह
245
_a
उमज पडेलतर
260
_c
1924
300
_a
50
630
_a
उमज पडेलतर
730
_a
उमज पडेलतर
942
_c
BOOK
999
_c
398116
_d
398113